[Event "XIV Festival A"]
[Site "Bolzano - Bozen ITA"]
[Date "1999.06.16"]
[Round "6"]
[White "Bukal, Vladimir sr"]
[Black "Sax, Gyula"]
[WhiteElo "2407"]
[BlackElo "2524"]
[Result "1/2-1/2"]
[PlyCount "76"]
[EventDate "1999.06.12"]

1.c4 e5 2.Nc3 Nf6 3.Nf3 Nc6 4.e4 Bb4 5.d3 d6 6.g3 a6 7.Bg2 b5 8.O-O Bxc3 
9.bxc3 Bd7 10.Nh4 O-O 11.Nf5 bxc4 12.dxc4 Re8 13.c5 Bxf5 14.exf5 e4 15.Qa4
Ne5 16.cxd6 Nd3 17.dxc7 Qxc7 18.Be3 Qe5 19.f3 Nd5 20.Qd4 Qxd4 21.Bxd4 e3 
22.f4 Rad8 23.Rfd1 e2 24.Rxd3 e1=Q+ 25.Rxe1 Rxe1+ 26.Kf2 Ree8 27.Rd2 Nf6 
28.Kf3 Ne4 29.Rc2 Nd6 30.g4 h5 31.h3 Nb5 32.Rd2 hxg4+ 33.hxg4 Re1 34.Kf2 
Re7 35.Bc6 Nd6 36.Kf3 Nc4 37.Rg2 Rc7 38.Ba4 Rdc8 1/2-1/2

[Event "XIV Festival A"]
[Site "Bolzano - Bozen ITA"]
[Date "1999.06.16"]
[Round "6"]
[White "De Vreugt, Dennis"]
[Black "Epishin, Vladimir V."]
[WhiteElo "2417"]
[BlackElo "2578"]
[Result "0-1"]
[PlyCount "118"]
[EventDate "1999.06.12"]

1.e4 c6 2.d4 d5 3.exd5 cxd5 4.c4 Nf6 5.Nc3 e6 6.Nf3 Bb4 7.cxd5 Nxd5 8.Bd2 
Nc6 9.Bd3 O-O 10.O-O Be7 11.Qe2 Qd6 12.Rad1 Bd7 13.Rfe1 Ncb4 14.Bb1 Qa6 
15.Qxa6 bxa6 16.Ne5 Be8 17.a3 Nxc3 18.bxc3 Nc6 19.Be4 Rc8 20.Nxc6 Bxc6 21.
Bxc6 Rxc6 22.d5 Rcc8 23.Bf4 Bxa3 24.d6 Rfd8 25.Rd3 Rc6 26.Bg3 Kf8 27.Red1 
f6 28.Kf1 e5 29.d7 Ke7 30.f4 e4 31.Rd4 Rd6 32.Rxe4+ Kxd7 33.Ra1 Bc5 34.
Rea4 Re8 35.Rxa6 Rxa6 36.Rxa6 Re4 37.f5 h5 38.Bb8 Re8 39.Bg3 Re4 40.Bb8 
Kc8 41.Bxa7 Rf4+ 42.Ke2 Kb7 43.Rxf6 Rf2+ 44.Kd3 gxf6 45.Bxc5 Rxg2 46.Bd6 
Kc6 47.Bg3 Ra2 48.Ke4 Ra4+ 49.Kf3 Rc4 50.Kg2 Kd5 51.Kh3 Ke4 52.Kh4 Kxf5+ 
53.Kxh5 Rxc3 54.Kh4 Ke4 55.Kh5 f5 56.Kg5 Rc2 57.Bd6 Rc8 58.Be7 Rg8+ 59.Kf6
Rh8 0-1

[Event "XIV Festival A"]
[Site "Bolzano - Bozen ITA"]
[Date "1999.06.16"]
[Round "6"]
[White "Delchev, Aleksander"]
[Black "Borgo, Giulio"]
[WhiteElo "2548"]
[BlackElo "2448"]
[Result "1-0"]
[PlyCount "90"]
[EventDate "1999.06.12"]

1.e4 c5 2.Nf3 e6 3.d4 cxd4 4.Nxd4 Nc6 5.Nb5 d6 6.Bf4 e5 7.Be3 Be6 8.Nd2 
Nf6 9.Bg5 Rc8 10.Bxf6 gxf6 11.Nc4 d5 12.exd5 Bxd5 13.c3 Bxc4 14.Bxc4 Qxd1+
15.Rxd1 a6 16.Nd6+ Bxd6 17.Rxd6 Ke7 18.Rd2 f5 19.f4 Rhd8 20.fxe5 Rxd2 21.
Kxd2 Nxe5 22.Be2 Rd8+ 23.Kc1 f4 24.Rf1 Rg8 25.Rf2 f5 26.Bf1 Rg4 27.h3 Rh4 
28.Re2 Ke6 29.Kd1 Kf6 30.Rd2 Ke6 31.Rd4 Nc6 32.Rc4 Ne5 33.Rc7 f3 34.gxf3 
Nxf3 35.Rxb7 Re4 36.Bxa6 h5 37.Be2 Ng1 38.Bxh5 Nxh3 39.Kd2 Ng5 40.Rb4 Re5 
41.Rb6+ Kd5 42.Rb5+ Kd6 43.Rxe5 Kxe5 44.a4 Ne4+ 45.Kc2 Kf4 1-0

[Event "XIV Festival A"]
[Site "Bolzano - Bozen ITA"]
[Date "1999.06.16"]
[Round "6"]
[White "Komarov, Dimitri"]
[Black "Mantovani, Renzo"]
[WhiteElo "2588"]
[BlackElo "2377"]
[Result "1/2-1/2"]
[PlyCount "59"]
[EventDate "1999.06.12"]

1.d4 Nf6 2.c4 e6 3.Nc3 Bb4 4.Qc2 O-O 5.a3 Bxc3+ 6.Qxc3 b6 7.Bg5 c5 8.e3 
cxd4 9.Qxd4 Nc6 10.Qd6 Bb7 11.Rd1 Rc8 12.Nf3 Re8 13.Be2 h6 14.Bh4 g5 15.
Bg3 Ne7 16.O-O Bxf3 17.gxf3 Nf5 18.Qb4 Nxg3 19.hxg3 d5 20.e4 Qe7 21.e5 Nd7
22.cxd5 Qxb4 23.axb4 Nxe5 24.Bb5 Red8 25.dxe6 fxe6 26.Kg2 Kf7 27.Rxd8 Rxd8
28.Ra1 Kf6 29.Rxa7 Rd4 30.Be8 1/2-1/2

[Event "XIV Festival A"]
[Site "Bolzano - Bozen ITA"]
[Date "1999.06.16"]
[Round "6"]
[White "Ortega, Lexy"]
[Black "Istratescu, Andrei"]
[WhiteElo "2485"]
[BlackElo "2549"]
[Result "1-0"]
[PlyCount "71"]
[EventDate "1999.06.12"]

1.d4 Nf6 2.Nf3 e6 3.Bf4 c5 4.e3 Nc6 5.Nbd2 d5 6.c3 Be7 7.Bd3 O-O 8.Ne5 Nd7
9.Qh5 f5 10.g4 Ndxe5 11.dxe5 d4 12.Ke2 Qe8 13.Qxe8 Rxe8 14.gxf5 dxe3 15.
fxe3 exf5 16.Bc4+ Kh8 17.Nf3 Nd8 18.Bd5 Ne6 19.h4 h6 20.c4 Rb8 21.Rad1 Kh7
22.b3 Rd8 23.Bg5 Re8 24.Bf4 a6 25.Ng5+ hxg5 26.hxg5+ Kg8 27.g6 Bd8 28.Rh5 
Kf8 29.Rxf5+ Bf6 30.exf6 Nxf4+ 31.Rxf4 gxf6 32.Rxf6+ Kg7 33.Rf7+ Kxg6 34.
Rg1+ Kh6 35.Rf6+ Kh7 36.Rf4 1-0

[Event "XIV Festival A"]
[Site "Bolzano - Bozen ITA"]
[Date "1999.06.17"]
[Round "7"]
[White "Epishin, Vladimir V."]
[Black "Ortega, Lexy"]
[WhiteElo "2578"]
[BlackElo "2485"]
[Result "1-0"]
[PlyCount "63"]
[EventDate "1999.06.12"]

1.c4 c6 2.Nc3 d5 3.d4 dxc4 4.e3 b5 5.a4 b4 6.Ne4 Qd5 7.Ng3 Nf6 8.Nf3 h5 9.
e4 Nxe4 10.Nxe4 Qxe4+ 11.Be2 Bf5 12.O-O Nd7 13.Bxc4 Qc2 14.Qxc2 Bxc2 15.a5
e6 16.Bf4 a6 17.Rfe1 Nf6 18.Ne5 Be4 19.Rac1 Bd6 20.Bf1 Bd5 21.Bd2 Ne4 22.
Be3 c5 23.Nc4 Bxc4 24.Rxc4 Nf6 25.dxc5 Bc7 26.c6 Bxa5 27.Ra1 Bc7 28.Rxb4 
Nd5 29.Rb7 a5 30.Bc5 Kd8 31.b4 Be5 32.Rxa5 1-0

[Event "XIV Festival A"]
[Site "Bolzano - Bozen ITA"]
[Date "1999.06.17"]
[Round "7"]
[White "Farago, Ivan"]
[Black "Kogan, Artur"]
[WhiteElo "2533"]
[BlackElo "2507"]
[Result "1-0"]
[PlyCount "69"]
[EventDate "1999.06.12"]

1.d4 Nf6 2.c4 c5 3.d5 b5 4.cxb5 a6 5.e3 axb5 6.Bxb5 Qa5+ 7.Nc3 Bb7 8.Ne2 
Nxd5 9.O-O Nxc3 10.Nxc3 Nc6 11.e4 Nd4 12.Bc4 g6 13.Nd5 Bg7 14.b4 cxb4 15.
Bb2 Nf3+ 16.Qxf3 Bxb2 17.Rab1 Bd4 18.Rfd1 Qc5 19.Rbc1 e6 20.Nf6+ Bxf6 21.
Qxf6 O-O 22.Rxd7 Ba6 23.h4 Rac8 24.Bxe6 Qxc1+ 25.Kh2 Qc7+ 26.Rxc7 Rxc7 27.
Bd5 Be2 28.h5 Bxh5 29.g4 Bxg4 30.Qf4 Rc2 31.Qxg4 Rxf2+ 32.Kg3 Rf6 33.Qg5 
Rb6 34.Qe7 h6 35.Bxf7+ 1-0

[Event "XIV Festival A"]
[Site "Bolzano - Bozen ITA"]
[Date "1999.06.17"]
[Round "7"]
[White "Lazarev, Vladimir"]
[Black "Bukal, Vladimir sr"]
[WhiteElo "2514"]
[BlackElo "2407"]
[Result "0-1"]
[PlyCount "60"]
[EventDate "1999.06.12"]

1.d4 d5 2.c4 c6 3.Nf3 Nf6 4.Nc3 a6 5.c5 g6 6.Bf4 Bg7 7.h3 Bf5 8.Qb3 Qc8 9.
Na4 Nbd7 10.e3 Ne4 11.Ne5 Bxe5 12.Bxe5 Nxe5 13.dxe5 Qc7 14.Qb6 Qxe5 15.
Qxb7 O-O 16.Be2 Rab8 17.Qxa6 Rfc8 18.Qa5 Ra8 19.Ba6 Rcb8 20.Nb6 Qxb2 21.
O-O Ra7 22.g4 Be6 23.Rab1 Qe5 24.Rfc1 Ng5 25.Rb4 Nxh3+ 26.Kg2 Ng5 27.Rcb1 
Rf8 28.R1b3 Ne4 29.f4 Qf6 30.g5 Qf5 0-1

[Event "XIV Festival A"]
[Site "Bolzano - Bozen ITA"]
[Date "1999.06.17"]
[Round "7"]
[White "Mantovani, Renzo"]
[Black "Hamdouchi, Hichem"]
[WhiteElo "2377"]
[BlackElo "2564"]
[Result "0-1"]
[PlyCount "106"]
[EventDate "1999.06.12"]

1.d4 Nf6 2.Nf3 g6 3.Bf4 Bg7 4.e3 O-O 5.Be2 d6 6.h3 c5 7.c3 Nbd7 8.O-O b6 
9.Nbd2 Bb7 10.Bh2 Rc8 11.a4 a6 12.Qb1 cxd4 13.cxd4 e5 14.Rc1 Rxc1+ 15.Qxc1
Qa8 16.Qf1 e4 17.Ne1 d5 18.Nb1 Nb8 19.Ra3 Nc6 20.Rc3 Rc8 21.Bd6 Ne8 22.Ba3
Na5 23.Nc2 Rxc3 24.Nxc3 Qc8 25.Nb4 Nc7 26.Nba2 Bf8 27.Bxf8 Qxf8 28.b4 Nc6 
29.Qb1 Nd8 30.Nc1 Qd6 31.h4 Kg7 32.g3 h6 33.N3a2 Nce6 34.a5 b5 35.Nb3 g5 
36.hxg5 Nxg5 37.Nc5 Bc8 38.Nc3 Nc6 39.Qb3 Ne7 40.Kf1 Nh3 41.Ke1 Qf6 42.Nd1
Ng1 43.Qa2 Qf5 44.Nc3 Qh3 45.Bd1 Qg2 46.Nxd5 Bh3 47.Nc3 Nf3+ 48.Bxf3 exf3 
49.Nd3 Qf1+ 50.Kd2 Bf5 51.Qb1 Bxd3 52.Qxd3 Qxf2+ 53.Kd1 Qg1+ 0-1

[Event "XIV Festival A"]
[Site "Bolzano - Bozen ITA"]
[Date "1999.06.17"]
[Round "7"]
[White "Sax, Gyula"]
[Black "Chatalbashev, Boris"]
[WhiteElo "2524"]
[BlackElo "2524"]
[Result "1-0"]
[PlyCount "115"]
[EventDate "1999.06.12"]

1.e4 g6 2.d4 Bg7 3.Nc3 d6 4.Bg5 c6 5.Qd2 b5 6.f4 Nf6 7.Bd3 O-O 8.e5 b4 9.
Nce2 Nd5 10.Nf3 f6 11.Bh4 fxe5 12.fxe5 Bg4 13.exd6 Qxd6 14.Bg3 Qe6 15.Ne5 
Nd7 16.Nxd7 Qxd7 17.O-O-O e6 18.Rde1 a5 19.h3 Bf5 20.Be5 Bxe5 21.dxe5 Bxd3
22.Qxd3 Rf2 23.h4 Raf8 24.g3 Qf7 25.Kb1 c5 26.Qc4 a4 27.Qxc5 Qf3 28.Nd4 
Qg4 29.Rd1 b3 30.axb3 axb3 31.Nxb3 Qa4 32.Qa5 Qc4 33.Qc5 Rxc2 34.Qxc4 Rxc4
35.Rd3 Re4 36.Nc5 Re2 37.Nxe6 Re8 38.Rxd5 Rxe6 39.Rc1 Rg2 40.Rc7 Re8 41.
Rdd7 Rb8 42.Rg7+ Kf8 43.Rcf7+ Ke8 44.Rb7 Rxb7 45.Rxb7 h5 46.Rb3 Re2 47.Rb6
Kf7 48.Rf6+ Kg7 49.Rf3 Rxe5 50.b4 Re2 51.b5 g5 52.hxg5 Kg6 53.b6 Kxg5 54.
b7 Re8 55.Rb3 Rb8 56.Rb4 Kf5 57.Kc2 Ke5 58.Kd3 1-0

[Event "XIV Festival A"]
[Site "Bolzano - Bozen ITA"]
[Date "1999.06.18"]
[Round "8"]
[White "Bukal, Vladimir sr"]
[Black "Khenkin, Igor"]
[WhiteElo "2407"]
[BlackElo "2641"]
[Result "1-0"]
[PlyCount "121"]
[EventDate "1999.06.12"]

1.c4 e6 2.Nf3 d5 3.g3 g6 4.d4 Bg7 5.Bg2 Nc6 6.e3 Nge7 7.O-O O-O 8.Nbd2 a5 
9.a3 a4 10.Qc2 b6 11.Rd1 Ba6 12.Bf1 Qd7 13.b4 axb3 14.Nxb3 dxc4 15.Bxc4 
Bxc4 16.Qxc4 e5 17.Bb2 Qg4 18.Kg2 exd4 19.exd4 Na5 20.Nxa5 Rxa5 21.h3 Qd7 
22.Rac1 Nd5 23.Qc6 Qxc6 24.Rxc6 Re8 25.Ne5 Bf8 26.Rd3 Ra7 27.Rb3 Rea8 28.
Rb5 Ra5 29.Rxa5 Rxa5 30.Nc4 Ra7 31.Ne3 Ne7 32.Rc2 Bg7 33.Kf3 Kf8 34.g4 Ke8
35.Ke4 Kd7 36.f4 Ra4 37.f5 b5 38.Rc5 c6 39.Rc2 Bh6 40.fxg6 fxg6 41.Nd1 Nd5
42.Rf2 Ke6 43.Kd3 Bg5 44.Nc3 Rxd4+ 45.Kxd4 Be3+ 46.Ke4 Bxf2 47.Ne2 c5 48.
Bg7 Kd6 49.Bf8+ Kc6 50.Ke5 Bg3+ 51.Nxg3 Ne3 52.Ne4 Nc4+ 53.Ke6 Nxa3 54.
Nxc5 Nc2 55.Nd3 Nd4+ 56.Ke5 Nf3+ 57.Kf4 Ng1 58.h4 Kd5 59.Ke3 Kc4 60.Nf4 b4
61.Bg7 1-0

[Event "XIV Festival A"]
[Site "Bolzano - Bozen ITA"]
[Date "1999.06.18"]
[Round "8"]
[White "Chatalbashev, Boris"]
[Black "Istratescu, Andrei"]
[WhiteElo "2524"]
[BlackElo "2549"]
[Result "1-0"]
[PlyCount "147"]
[EventDate "1999.06.12"]

1.d4 g6 2.e4 c6 3.Nc3 d5 4.Nf3 Bg7 5.Bf4 dxe4 6.Nxe4 Bf5 7.Ng3 Bg4 8.Bc4 
Bxf3 9.Qxf3 Nf6 10.O-O-O e6 11.h4 h6 12.Ne4 Nxe4 13.Qxe4 Nd7 14.g4 Qe7 15.
Rhe1 Nf6 16.Qf3 Nd5 17.Bxd5 cxd5 18.h5 g5 19.Bg3 Rc8 20.Kb1 Rc6 21.Re3 Qd7
22.Qe2 O-O 23.f4 Rfc8 24.c3 Qd8 25.Rf1 gxf4 26.Bxf4 Ra6 27.Ref3 f6 28.Bxh6
Bxh6 29.Rxf6 Bg7 30.Rxe6 Qa5 31.a3 Rf8 32.Re8 Qa4 33.Rfxf8+ Bxf8 34.Qe7 
Rf6 35.Rc8 Qd1+ 36.Ka2 Qf1 37.h6 Rxh6 38.Qg5+ Kh7 39.Qxd5 b5 40.g5 Rg6 41.
Rc7+ Rg7 42.Rc6 Rg6 43.Qe4 Qf7+ 44.d5 Kg7 45.Qe5+ Kg8 46.Rc7 Qf3 47.Rxa7 
Qg4 48.Qe8 Qf5 49.Qxb5 Rxg5 50.Qd7 Qxd5+ 51.Qxd5+ Rxd5 52.b4 Bd6 53.Kb3 
Kf8 54.a4 Be5 55.a5 Rd3 56.Ra8+ Ke7 57.Rc8 Kd7 58.Rc4 Rd1 59.Ka4 Ra1+ 60.
Kb5 Ra3 61.a6 Bxc3 62.Kb6 Ra4 63.Rc7+ Kd6 64.Rc6+ Kd7 65.Rc7+ Kd6 66.Rxc3 
Rxb4+ 67.Ka5 Rb1 68.a7 Ra1+ 69.Kb6 Rb1+ 70.Ka6 Ra1+ 71.Kb7 Rb1+ 72.Kc8 Ra1
73.Rc7 Ra2 74.Kb8 1-0

[Event "XIV Festival A"]
[Site "Bolzano - Bozen ITA"]
[Date "1999.06.18"]
[Round "8"]
[White "De Santis, Alessio"]
[Black "Belotti, Bruno"]
[WhiteElo "2356"]
[BlackElo "2441"]
[Result "0-1"]
[PlyCount "120"]
[EventDate "1999.06.12"]

1.d4 Nf6 2.c4 g6 3.Nc3 Bg7 4.e4 d6 5.Be2 O-O 6.Bg5 Nbd7 7.Qd2 e5 8.d5 Nc5 
9.f3 a5 10.O-O-O a4 11.h4 Bd7 12.Nh3 c6 13.Nf2 Qa5 14.g4 Rfc8 15.Bxf6 Bxf6
16.Nd3 Nxd3+ 17.Bxd3 b5 18.Kb1 b4 19.Ne2 cxd5 20.cxd5 b3 21.a3 Qxd2 22.
Rxd2 Bd8 23.Ng3 Ra7 24.Rdh2 Kf8 25.h5 Ke7 26.hxg6 hxg6 27.Rh8 Raa8 28.Ne2 
Ba5 29.Rxc8 Rxc8 30.Rh7 Kf6 31.Rh1 Bd2 32.Rd1 Be3 33.Rh1 Kg5 34.Rh7 Rc7 
35.Rh8 Kf6 36.Rh7 Rc5 37.Rh8 Bd2 38.Rd8 Ke7 39.Ra8 Rc7 40.Rh8 Be8 41.Rg8 
Rc8 42.Ka1 Rd8 43.Rg7 Bb5 44.Bxb5 Rh8 45.Nc3 Bxc3 46.bxc3 Rh1+ 47.Kb2 Rh2+
48.Kb1 Kf8 49.Bxa4 Kxg7 50.Bxb3 Kf6 51.Ba4 Ke7 52.Bc6 Kd8 53.a4 Rf2 54.a5 
Kc7 55.c4 Rxf3 56.Kb2 g5 57.a6 Kb6 58.c5+ dxc5 59.d6 Kxc6 60.a7 Kb7 0-1

[Event "XIV Festival A"]
[Site "Bolzano - Bozen ITA"]
[Date "1999.06.18"]
[Round "8"]
[White "Gleizerov, Evgeny"]
[Black "Lazarev, Vladimir"]
[WhiteElo "2518"]
[BlackElo "2514"]
[Result "0-1"]
[PlyCount "54"]
[EventDate "1999.06.12"]

1.d4 d5 2.c4 dxc4 3.e3 Nf6 4.Bxc4 e6 5.Nf3 c5 6.Qe2 a6 7.dxc5 Bxc5 8.O-O 
b5 9.Bd3 Nc6 10.a3 Bb7 11.b4 Bd6 12.Bb2 O-O 13.Nbd2 Qe7 14.Rac1 Rfd8 15.
Nb3 Nd7 16.Rfd1 h6 17.Bb1 Rac8 18.h3 Nb6 19.Nc5 Bxc5 20.Rxd8+ Nxd8 21.Rxc5
Rxc5 22.bxc5 Nc4 23.Ne5 Nxb2 24.Qc2 f5 25.Qxb2 Qxc5 26.Ba2 Bd5 27.Qd2 Qxa3
0-1

[Event "XIV Festival A"]
[Site "Bolzano - Bozen ITA"]
[Date "1999.06.18"]
[Round "8"]
[White "Ortega, Lexy"]
[Black "Komarov, Dimitri"]
[WhiteElo "2485"]
[BlackElo "2588"]
[Result "1/2-1/2"]
[PlyCount "52"]
[EventDate "1999.06.12"]

1.d4 Nf6 2.Nf3 d5 3.c4 c6 4.Nc3 dxc4 5.a4 Bf5 6.e3 e6 7.Bxc4 Bb4 8.O-O O-O
9.Qe2 Bg6 10.Rd1 Nbd7 11.Bd3 Bxd3 12.Rxd3 Qa5 13.e4 e5 14.dxe5 Nxe5 15.
Nxe5 Qxe5 16.f4 Qc5+ 17.Be3 Qc4 18.b3 Qa6 19.Qc2 Ng4 20.Kh1 Nxe3 21.Rxe3 
Rad8 22.e5 Rd4 23.Ne4 Rfd8 24.h3 Rd3 25.Nc5 Bxc5 26.Qxc5 Rxe3 1/2-1/2

[Event "XIV Festival A"]
[Site "Bolzano - Bozen ITA"]
[Date "1999.06.18"]
[Round "8"]
[White "Quinn, Mark Peter"]
[Black "Mantovani, Renzo"]
[WhiteElo "2346"]
[BlackElo "2377"]
[Result "0-1"]
[PlyCount "64"]
[EventDate "1999.06.12"]

1.d4 d6 2.c4 e5 3.Nf3 e4 4.Ng5 f5 5.Nc3 Be7 6.Nh3 Nf6 7.g3 O-O 8.Bg2 c5 9.
d5 Nbd7 10.O-O Ne5 11.b3 a6 12.a4 Nh5 13.f3 Bf6 14.Qd2 e3 15.Qxe3 Nxc4 16.
Qd3 Ne5 17.Qc2 Bd7 18.Nf4 Nxf4 19.gxf4 Ng6 20.e3 Qe7 21.Bd2 Qf7 22.Qd3 Nh4
23.Rf2 b5 24.Rb1 b4 25.Nd1 Bc8 26.Nb2 Bb7 27.Nc4 Nxg2 28.Kxg2 Bh4 29.Rff1 
Rae8 30.Rbd1 Bxd5 31.Nxd6 Qg6+ 32.Kh3 Bxf3 0-1

[Event "XIV Festival A"]
[Site "Bolzano - Bozen ITA"]
[Date "1999.06.18"]
[Round "8"]
[White "Stefanova, Antoaneta"]
[Black "Voiska, Margarita"]
[WhiteElo "2452"]
[BlackElo "2364"]
[Result "1-0"]
[PlyCount "74"]
[EventDate "1999.06.12"]

1.d4 e6 2.Nf3 Nf6 3.Bg5 d5 4.Nbd2 Be7 5.e3 Nbd7 6.Bd3 b6 7.c3 Bb7 8.Qb1 c5
9.O-O h6 10.Bh4 O-O 11.h3 Rc8 12.Bg3 Ne8 13.Ne5 Nd6 14.f4 Nxe5 15.fxe5 Nc4
16.Nxc4 dxc4 17.Bh7+ Kh8 18.Be4 Qd7 19.Qc2 Bg5 20.Bf4 Bxe4 21.Qxe4 f5 22.
exf6 Bxf6 23.Rad1 Rcd8 24.Qg6 Qe8 25.Qe4 Qe7 26.Kh2 Rd7 27.dxc5 bxc5 28.
Qxc4 Rfd8 29.Rxd7 Rxd7 30.e4 Kh7 31.e5 Bg5 32.Bg3 Qe8 33.Qxc5 Qg6 34.Qc4 
Rd2 35.Rf2 Rd1 36.Re2 Kh8 37.Re4 Rd2 1-0

[Event "XIV Festival A"]
[Site "Bolzano - Bozen ITA"]
[Date "1999.06.19"]
[Round "9"]
[White "De Vreugt, Dennis"]
[Black "Ortega, Lexy"]
[WhiteElo "2417"]
[BlackElo "2485"]
[Result "1-0"]
[PlyCount "103"]
[EventDate "1999.06.12"]

1.e4 c5 2.Nf3 d6 3.d4 cxd4 4.Nxd4 Nf6 5.Nc3 a6 6.Rg1 b5 7.g4 Bb7 8.g5 Nxe4
9.Nxe4 Bxe4 10.Qg4 Bb7 11.Be3 Nd7 12.Bg2 Qc7 13.f4 g6 14.h4 h5 15.Qh3 Rc8 
16.f5 Bxg2 17.Rxg2 Ne5 18.fxg6 fxg6 19.Ne6 Qb7 20.O-O-O Qf3 21.Rg3 Qc6 22.
Rd2 Rh7 23.Bd4 Ng4 24.Rc3 Qd7 25.Re2 Rf7 26.Qh1 Rxc3 27.Bxc3 d5 28.Qg2 Qd6
29.a3 Qc6 30.Kb1 Qc4 31.Bd4 a5 32.b3 Qc6 33.Qg3 Qd6 34.Qd3 Rf5 35.Qxb5+ 
Kf7 36.Qxa5 Ne5 37.Nxf8 Nc6 38.Qc3 Kxf8 39.Bc5 d4 40.Bxd6 dxc3 41.Bg3 Nd4 
42.Re3 Rf1+ 43.Ka2 Ra1+ 44.Kxa1 Nxc2+ 45.Kb1 Nxe3 46.Be1 Ke8 47.Bf2 Nd5 
48.Bd4 Kd7 49.Kc2 Kd6 50.Kd3 e6 51.Bxc3 Nf4+ 52.Ke4 1-0

[Event "XIV Festival A"]
[Site "Bolzano - Bozen ITA"]
[Date "1999.06.19"]
[Round "9"]
[White "Farago, Ivan"]
[Black "Stefanova, Antoaneta"]
[WhiteElo "2533"]
[BlackElo "2452"]
[Result "0-1"]
[PlyCount "56"]
[EventDate "1999.06.12"]

1.d4 d5 2.c4 c6 3.Nf3 Nf6 4.Nc3 g6 5.e3 b5 6.b3 Bg4 7.Be2 e6 8.O-O Nbd7 9.
Bb2 Be7 10.Ne5 Bxe2 11.Nxe2 Nxe5 12.dxe5 Ne4 13.Nd4 Qd7 14.Rc1 O-O 15.cxd5
cxd5 16.Nc6 Bc5 17.b4 Rfc8 18.bxc5 Rxc6 19.Qd4 Rac8 20.Ba3 Qc7 21.Rc2 a5 
22.f3 Nxc5 23.Rfc1 b4 24.Bb2 Qb6 25.a4 h6 26.e4 b3 27.exd5 bxc2 28.dxc6 
Rd8 0-1

[Event "XIV Festival A"]
[Site "Bolzano - Bozen ITA"]
[Date "1999.06.19"]
[Round "9"]
[White "Hamdouchi, Hichem"]
[Black "Chatalbashev, Boris"]
[WhiteElo "2564"]
[BlackElo "2524"]
[Result "1-0"]
[PlyCount "97"]
[EventDate "1999.06.12"]

1.e4 g6 2.d4 Bg7 3.Nc3 d6 4.Be3 a6 5.Qd2 Nd7 6.O-O-O b5 7.f3 Bb7 8.h4 c5 
9.dxc5 Nxc5 10.Nh3 Rc8 11.Kb1 Qc7 12.Nf4 Nf6 13.h5 Rg8 14.hxg6 hxg6 15.a3 
Ncd7 16.Nd3 Nb6 17.Nb4 Nc4 18.Bxc4 Qxc4 19.Bd4 a5 20.b3 Nxe4 21.Nxe4 Qxd4 
22.Qxd4 Bxd4 23.Rxd4 axb4 24.Rxb4 Bc6 25.Rh7 Rf8 26.Kb2 Kd7 27.Ng5 f6 28.
Ne4 g5 29.Rd4 Ke6 30.Rh1 Rh8 31.Re1 Kf7 32.Ng3 Rh2 33.Re2 Rc7 34.c4 Bd7 
35.cxb5 Bxb5 36.Red2 Kg6 37.a4 Ba6 38.b4 Bc4 39.Rc2 d5 40.Nf1 Rh4 41.Rxh4 
gxh4 42.Ne3 Rb7 43.Nxc4 Rxb4+ 44.Ka3 Rb1 45.Nd2 Re1 46.Nb3 e5 47.a5 e4 48.
fxe4 Rxe4 49.Rd2 1-0

[Event "XIV Festival A"]
[Site "Bolzano - Bozen ITA"]
[Date "1999.06.19"]
[Round "9"]
[White "Khenkin, Igor"]
[Black "Delchev, Aleksander"]
[WhiteElo "2641"]
[BlackElo "2548"]
[Result "1-0"]
[PlyCount "63"]
[EventDate "1999.06.12"]

1.d4 d6 2.Nf3 g6 3.c4 Bg7 4.Nc3 Bg4 5.e3 c5 6.Be2 cxd4 7.exd4 Nc6 8.O-O 
Nh6 9.d5 Bxf3 10.Bxf3 Ne5 11.Be2 Nf5 12.Bd2 O-O 13.Re1 Rc8 14.b3 Re8 15.
Rc1 Qb6 16.Kf1 Qd4 17.g4 Nd3 18.Bxd3 Qxd3+ 19.Kg1 Nh6 20.Re3 Qd4 21.h3 a6 
22.Qe2 f5 23.Rd3 Qe5 24.Qf3 fxg4 25.hxg4 Nf7 26.Re1 Qf6 27.Qh3 Ne5 28.Ne4 
Qf8 29.Ng5 Bh6 30.Ne6 Qf6 31.Rxe5 Qxe5 32.Bc3 1-0

[Event "C.to Italiano U16 Finale"]
[Site "Porto San Giorgio ITA"]
[Date "1999.07.??"]
[Round "1"]
[White "Drabke, Lorenz Maximilian"]
[Black "Bertagnolli, Alexander"]
[Result "1-0"]
[WhiteElo "2102"]
[BlackElo "2189"]
[PlyCount "71"]
[EventDate "1999.07.05"]

1.e4 g6 2.d4 Bg7 3.Nc3 c6 4.Bc4 d6 5.Nf3 Nf6 6.Qe2 b5 7.Bb3 a5 8.a4 b4 9.
Nb1 Ba6 10.Qe3 e6 11.Nbd2 d5 12.Ne5 c5 13.dxc5 O-O 14.Nd3 Nc6 15.O-O dxe4 
16.Nxe4 Nd4 17.Nxf6+ Bxf6 18.Rd1 Qd7 19.Ne1 Rfd8 20.Bd2 Ne2+ 21.Kh1 Bxb2 
22.Rab1 Bd4 23.Qf3 Bxc5 24.Bxb4 Qxd1 25.Rxd1 Bxb4 26.Rxd8+ Rxd8 27.Nd3 Nd4
28.Qf6 Nc6 29.Bxe6 Rf8 30.Nxb4 Nxb4 31.Bb3 Bc8 32.h4 Be6 33.Bxe6 fxe6 34.
Qxe6+ Kg7 35.c3 Nc2 36.Qe2 1-0

[Event "C.to Italiano U16 Finale"]
[Site "Porto San Giorgio ITA"]
[Date "1999.07.??"]
[Round "1"]
[White "Piscopo, Pierluigi"]
[Black "Mogranzini, Roberto"]
[Result "1/2-1/2"]
[WhiteElo "2039"]
[BlackElo "1909"]
[PlyCount "42"]
[EventDate "1999.07.05"]

1.e4 c5 2.Nf3 d6 3.d4 cxd4 4.Nxd4 Nf6 5.Nc3 a6 6.Bc4 e6 7.Bb3 b5 8.O-O Be7
9.f4 Bb7 10.Be3 h5 11.Bxe6 fxe6 12.Nxe6 Qd7 13.Nd5 Bxd5 14.exd5 Kf7 15.Qd3
Kg8 16.Rae1 Bf8 17.Bd4 Qf7 18.Rf3 Nbd7 19.Rg3 Rh6 20.Qf5 Re8 21.Ree3 Re7 
1/2-1/2

[Event "C.to Italiano U16 Finale"]
[Site "Porto San Giorgio ITA"]
[Date "1999.07.??"]
[Round "2"]
[White "Bertagnolli, Alexander"]
[Black "Mogranzini, Roberto"]
[Result "1/2-1/2"]
[WhiteElo "2189"]
[BlackElo "1909"]
[PlyCount "112"]
[EventDate "1999.07.05"]

1.f4 d5 2.b3 Nf6 3.Bb2 c5 4.Nf3 Nc6 5.e3 Bg4 6.Bb5 e6 7.h3 Bh5 8.Bxc6+ 
bxc6 9.g4 Bg6 10.Ne5 Rc8 11.d3 Nd7 12.Nd2 Nxe5 13.Bxe5 Qh4+ 14.Ke2 Qd8 15.
Qf1 f6 16.Bb2 c4 17.bxc4 Bb4 18.c5 Bxc5 19.Nb3 Be7 20.Nd4 Bf7 21.Kf2 c5 
22.Ne2 O-O 23.h4 c4 24.Bc3 cxd3 25.cxd3 e5 26.f5 d4 27.exd4 exd4 28.Bd2 
Bd5 29.Rh3 Rc2 30.Qd1 Rb2 31.h5 h6 32.Bc1 Rxa2 33.Rxa2 Bxa2 34.Qa4 Bf7 35.
Qxa7 Re8 36.Qxd4 Qc7 37.Bf4 Qc2 38.Qc3 Qxc3 39.Nxc3 Rc8 40.Ne2 Rc2 41.Rh1 
Bd5 42.Rc1 Ra2 43.Ke3 Bb4 44.Nc3 Bxc3 45.Rxc3 Rg2 46.Rc8+ Kh7 47.Rd8 Bc6 
48.d4 Rxg4 49.d5 Bxd5 50.Rxd5 Rh4 51.Rd2 Rxh5 52.Ke4 Rh1 53.Kd5 Rf1 54.Rd4
Re1 55.Bd6 g6 56.Bg3 Re2 1/2-1/2

[Event "C.to Italiano U16 Finale"]
[Site "Porto San Giorgio ITA"]
[Date "1999.07.??"]
[Round "2"]
[White "Drabke, Lorenz Maximilian"]
[Black "Piscopo, Pierluigi"]
[Result "0-1"]
[WhiteElo "2102"]
[BlackElo "2039"]
[PlyCount "72"]
[EventDate "1999.07.05"]

1.e4 c5 2.Nf3 Nc6 3.d4 cxd4 4.Nxd4 Nf6 5.Nc3 e5 6.Ndb5 d6 7.Nd5 Nxd5 8.
exd5 Ne7 9.a4 a6 10.Nc3 Nf5 11.a5 Be7 12.Be2 O-O 13.O-O Nd4 14.Be3 Nxe2+ 
15.Qxe2 f5 16.Na4 f4 17.Nb6 Rb8 18.Nxc8 Qxc8 19.Ba7 Ra8 20.Bb6 f3 21.gxf3 
Qh3 22.f4 Rxf4 23.Ra3 Qf5 24.Rc3 Rf8 25.Rc7 e4 26.Bd4 Bf6 27.Bxf6 Rxf6 28.
Rxb7 Rh6 29.Rb8+ Kf7 30.Rb7+ Kf6 31.Rb3 Rg4+ 32.Rg3 Qh5 33.f3 Rxg3+ 34.Kh1
Rxf3 35.Rg1 Rh3 36.Rf1+ Ke5 0-1

[Event "C.to Italiano U16 Finale"]
[Site "Porto San Giorgio ITA"]
[Date "1999.07.??"]
[Round "3"]
[White "Mogranzini, Roberto"]
[Black "Drabke, Lorenz Maximilian"]
[Result "1/2-1/2"]
[WhiteElo "1909"]
[BlackElo "2102"]
[PlyCount "43"]
[EventDate "1999.07.05"]

1.e4 c5 2.Ne2 g6 3.d4 Bg7 4.Be3 Qa5+ 5.Nbc3 Nf6 6.f3 cxd4 7.Nxd4 Nc6 8.Nb3
Qc7 9.Qd2 O-O 10.O-O-O d6 11.g4 Be6 12.h4 Ne5 13.Be2 Nc4 14.Bxc4 Bxc4 15.
h5 b5 16.hxg6 fxg6 17.Bh6 Rf7 18.Bxg7 Rxg7 19.g5 Nd7 20.Nd5 Qc8 21.f4 Nc5 
22.Qe3 1/2-1/2

[Event "C.to Italiano U16 Finale"]
[Site "Porto San Giorgio ITA"]
[Date "1999.07.??"]
[Round "3"]
[White "Piscopo, Pierluigi"]
[Black "Bertagnolli, Alexander"]
[Result "0-1"]
[WhiteElo "2039"]
[BlackElo "2189"]
[PlyCount "58"]
[EventDate "1999.07.05"]

1.e4 g6 2.d4 Bg7 3.Nf3 c6 4.c4 d5 5.e5 Bg4 6.h3 Bxf3 7.Qxf3 e6 8.Be3 Ne7 
9.Nd2 O-O 10.Bd3 c5 11.dxc5 Nbc6 12.cxd5 Nxe5 13.Qe2 Nxd5 14.Bc4 Nxe3 15.
Qxe3 Nxc4 16.Nxc4 Qd5 17.Qe2 Qxg2 18.O-O-O Rac8 19.h4 Rxc5 20.Kb1 Qc6 21.
b3 b5 22.Ne3 Rc8 23.f3 Qc7 24.Qh2 Qa5 25.Qd2 Qa3 26.h5 Rc3 27.Nc4 bxc4 28.
hxg6 cxb3 29.gxf7+ Kf8 0-1

[Event "C.to Italiano U16 femminile Finale"]
[Site "Porto San Giorgio ITA"]
[Date "1999.07.??"]
[Round "1"]
[White "Sedani, Elisa"]
[Black "Veltcheva, Mina"]
[Result "1-0"]
[WhiteElo "1479"]
[BlackElo "1545"]
[PlyCount "71"]
[EventDate "1999.07.05"]

1.e4 c5 2.Nf3 Nc6 3.d4 cxd4 4.Nxd4 e6 5.Nc3 a6 6.Be3 Nf6 7.Be2 Bb4 8.Bd3 
Qa5 9.Qd2 Bxc3 10.bxc3 b5 11.a3 Ne5 12.O-O Nc4 13.Qe1 Nxe3 14.fxe3 Bb7 15.
e5 Ne4 16.Qh4 Nxc3 17.Rf2 Qd8 18.Qg4 O-O 19.Raf1 h6 20.h4 Qe7 21.Rf6 Kh8 
22.Qh5 Ne4 23.Rxh6+ gxh6 24.Qxh6+ Kg8 25.Rf4 f5 26.exf6 Qh7 27.Rg4+ Kh8 
28.Qg7+ Qxg7 29.fxg7+ Kh7 30.gxf8=Q Rxf8 31.Bxe4+ Bxe4 32.Rxe4 Rb8 33.Nb3 
Kg6 34.Nc5 Rc8 35.Nxd7 Rxc2 36.Rxe6+ 1-0